00383 a2200121 4500001001000000005001700010008004100027245006200068100002100130700002100151773007200172999001700244ART_1184820260410161901.0260409a 10aMarket wages, reservation wages, and retirement decisions1 aBlinder, Alan S.1 aGordon, Roger H.0 tJournal of public economicsg- Vol. 14, NÂș 2 (oct. 1980)wREV11485 c25894d25894